000 00682cam a22002294a 4500
001 13284147
003 OSt
005 20240626131345.0
008 030722s2003 nhua b 001 0 eng
010 _a 2003055631
020 _a1578083257
040 _aDDC
_cMUST
082 0 0 _a333.95 KRI 2003
_220
100 1 _aKrishnamurthy, K. V.
_98581
245 1 0 _aTextbook of biodiversity /
_cK.V. Krishnamurthy.
260 _aEnfield, NH :
_bScience Publishers,
_cc2003.
300 _axv, 260 p. :
_bill. ;
_c25 cm.
504 _aIncludes bibliographical references and indexes.
650 0 _aBiodiversity.
_91737
650 0 _aBiodiversity conservation.
_917761
942 _2ddc
_cO_SHELF
999 _c8938
_d8938